Teratogenezis és teratogének a klinikai gyakorlatban, diszmorfológia
Elmentve itt :
| Szerző: | |
|---|---|
| Dokumentumtípus: | Prezentáció |
| Kulcsszavak: | genetika fejlődési rendellenességek |
| Tárgyszavak: | |
| Online Access: | http://eta.bibl.u-szeged.hu/1167 |
| LEADER | 00700nnm a2200193 i 4500 | ||
|---|---|---|---|
| 001 | eta1167 | ||
| 005 | 20190418115503.0 | ||
| 008 | 181129suuuu hu o 0|| hun d | ||
| 040 | |a SZTE Elektronikus Tananyag Archívum |b hun | ||
| 041 | |a hun | ||
| 100 | 1 | |a Nagy Nikoletta | |
| 245 | 1 | 0 | |a Teratogenezis és teratogének a klinikai gyakorlatban, diszmorfológia |h [elektronikus dokumentum] / |c Nagy Nikoletta |
| 516 | |a Presentation | ||
| 650 | 4 | |a Orvos- és egészségtudomány | |
| 650 | 4 | |a Általános orvostudomány | |
| 650 | 4 | |a Humángenetika | |
| 695 | |a genetika | ||
| 695 | |a fejlődési rendellenességek | ||
| 856 | 4 | 0 | |u https://eta.bibl.u-szeged.hu/1167/1/teratogenezis_es_teratogenek.pptx |z Dokumentum-elérés |